000 00525nam a2200193Ia 4500
005 20250508165510.0
008 008 250505s9999 xx 000 0 hin d
020 _a978-81-8146-712-6
037 _aTextual
040 _aFEDL
_beng
_cFEDL
041 _ahin
_2eng
084 _a808.068, NAI
_qFEDL
100 _aNayar Nandini
_9781027
245 0 _aAmma kahan hai?
260 _aChennai India
_bTulika Publishers
_c2010
365 _aINR
_b95
942 _cTEXL
_h808.068, NAI
999 _c1395473
_d1395473